000 00871cam a2200241 a 4500
001 000003796
005 20200929150555.0
008 990305s1990 cu 001 f spa
040 _aDO-SdBNP
_bspa
_cBNPHU
041 1 7 _aspa
_heng
082 _a813.54
_bM164d
100 1 _aMacLennan, Hugh,
_d1907-1990.
_93863
240 1 0 _aTwo solitudes.
_lEspañol
245 1 0 _aDos soledades /
_cHugh MacLennan; editor, Susana Díaz Alvarado; traductor, Blanca Inés Acosta Rabassa; prólogo, Felipe Cunill.
260 _aLa Habana :
_bArte y Literatura,
_c1990.
300 _a611 p. ;
_c19 cm.
534 _aTítulo original:
_tTwo solitudes.
650 4 _aNovela estadounidense
_9262
650 4 _aLiteratura estadounidense
_9263
700 1 _aAcosta Rabassa, Blanca Inés,
_etr.
_911533
700 1 _aDíaz Alvarado, Susana,
_eed.
_911534
700 1 _aCunill, Felipe,
_epról.
_911535
999 _c3618
_d3618